Word Ladder: Hate Bait Quiz Stats

 Plays Quiz Updated Aug 24, 2015

Challenge
Share
Tweet
Embed
Score 0/35 Timer 06:00
1 Play Today
Hint Answer % Correct
2-Letter LadderIN
96.3%
5-Letter Ladder★NEVER★
96.2%
4-Letter LadderFIVE
96.2%
3-Letter LadderCAT
96.1%
3-Letter LadderHAT
96.1%
4-Letter LadderDIVE
96%
5-Letter LadderLIVER
94.9%
4-Letter LadderDINE
94.4%
4-Letter Ladder★GIVE★
93.9%
5-Letter LadderLAGER
93.9%
5-Letter LadderLATER
93.4%
4-Letter LadderDIVA
93.4%
4-Letter LadderFINE
93.4%
5-Letter LadderLEVER
93.3%
2-Letter LadderUN
93.3%
5-Letter LadderWAGER
93.2%
5-Letter LadderLITER
93.1%
4-Letter LadderVIVA
93.1%
Hint Answer % Correct
2-Letter LadderIT
92.9%
2-Letter Ladder★UP★
92.4%
3-Letter Ladder★YOU★
91.2%
3-Letter LadderHAG
90.3%
5-Letter Ladder ★GONNA★
89.6%
2-Letter LadderAT
89.3%
3-Letter LadderLOU
88.2%
3-Letter LadderHOG
87.6%
3-Letter LadderLOG
86.3%
5-Letter Ladder DONNA
86.3%
2-Letter LadderAN
86%
5-Letter Ladder TONER
76.5%
2-Letter LadderON
76.1%
5-Letter Ladder TONES
72.9%
5-Letter Ladder TONGS
65.4%
5-Letter Ladder TONGA
64.8%
5-Letter Ladder DONGA
60.1%

Today's Daily Dose

Missing Word
Hayao Miyazaki

Word Ladder
Florida

On This Day
December 13th II

You're not logged in!

Compare scores with friends on all Sporcle quizzes.
OR
Log In

You Might Also Like...

Show Comments

Extras

Top Quizzes Today


Score Distribution

Your Account Isn't Verified!

In order to create a playlist on Sporcle, you need to verify the email address you used during registration. Go to your Sporcle Settings to finish the process.

Report this User

Report this user for behavior that violates our Community Guidelines.

Details: